Budovanie a posilňovanie značky pomocou rôznych marketingových aktivít bakalárska práca

Na minha lista:
Detalhes bibliográficos
Autor principal: Meľošová, Ivana
Autor Corporativo: Fakulta podnikového manažmentu EU. Katedra podnikovohospodárska
Outros Autores: Hrušovská, Dana, 1964-
Formato: Livro
Idioma:eslovaco
Publicado em: Bratislava 2018
Tags: Adicionar Tag
Sem tags, seja o primeiro a adicionar uma tag!

MARC

LEADER 00000nbm a2200000 4500
001 0244943
005 20181009112148.6
041 0 |a slo 
044 |a SK 
245 1 0 |a Budovanie a posilňovanie značky pomocou rôznych marketingových aktivít  |b bakalárska práca  |c Ivana Meľošová ; školiteľ: Dana Hrušovská 
264 1 |a Bratislava  |c 2018 
300 |a 55 s. 
100 1 |a Meľošová, Ivana 
700 1 |a Hrušovská, Dana, 1964- 
710 2 |a Fakulta podnikového manažmentu EU. Katedra podnikovohospodárska